| 000 | 00502 a2200193 4500 | ||
|---|---|---|---|
| 005 | 20240524163432.0 | ||
| 008 | 240521b |||||||| |||| 00| 0 eng d | ||
| 020 |
_a9789389117431 _cRs. 1795.00 |
||
| 040 | _aMAIN | ||
| 082 |
_a355.4 _bR129M |
||
| 100 | _aRahimuddin | ||
| 245 | _aMilitary operation research | ||
| 260 |
_bCity Publication _c2023 _a Delhi |
||
| 300 | _aix, 246 | ||
| 650 | _aMilitary Science | ||
| 650 | _aDefence Studies | ||
| 650 | _aMilitary Operation Research | ||
| 942 | _cBK | ||
| 999 |
_c313104 _d313104 |
||